000 00712nam a2200265Ia 4500
005 20260121171354.0
008 008 260114s9999 xx 000 0 eng d
020 _a9783030234478
037 _aEBOOK
040 _aCRL
040 _beng
040 _cCRL
041 _2eng
041 _aeng
084 _qCRL
100 _aAlexander James Kent, Soetkin Vervust, Imre Josef Demhardt, Nick Millea
_91075411
245 0 _aMapping Empires: Colonial Cartographies of Land and Sea
260 _bSpringer
260 _bSpringer
260 _c2020
856 _uhttps://link.springer.com/openurl?genre=book&isbn=978-3-030-23447-8
942 _cEBOOK
999 _c1641141
_d1641141